000
00309nam a22001337a 4500
008
170622b xxu||||| |||| 00| 0 eng d
020
_a
0134801458
041
_a
eng
080
_2
2ND
_a
343.9
100
_a
13
101
_a
SHJ
245
_a
INTRODUCTION TO CRIMINAL JUSTICE
_c
CHAMELIN, N.C
942
_2
udc
_c
BK
999
_c
18821
_d
18821